Альбом металлорежущих станков общего назначения заграничных станкостроительных фирм (Запись № 7317435)

Подробности
000 -МАРКЕР
контрольное поле 01754nam0a22003011 4500
001 - ИДЕНТИФИКАТОР ЗАПИСИ
контрольное поле rc\2781797
005 - ИДЕНТИФИКАТОР ВЕРСИИ
контрольное поле 20240617112310.0
035 ## - ДРУГИЕ СИСТЕМНЫЕ НОМЕРА
Идентификатор записи (NLR Aleph) 006908025
100 ## - ДАННЫЕ ОБЩЕЙ ОБРАБОТКИ
Данные общей обработки 20110915d1935 |||y0rusy50 ca
101 0# - ЯЗЫК РЕСУРСА
Язык текста, звукозаписи и т.д. русский
102 ## - СТРАНА ПУБЛИКАЦИИ ИЛИ ПРОИЗВОДСТВА
Страна публикации Российская Федерация
105 ## - ПОЛЕ КОДИРОВАННЫХ ДАННЫХ: ТЕКСТОВЫЕ МАТЕРИАЛЫ, МОНОГРАФИЧЕСКИЕ
Кодированные данные о монографическом текстовом документе a z |||||
200 1# - ЗАГЛАВИЕ И СВЕДЕНИЯ ОБ ОТВЕТСТВЕННОСТИ
Основное заглавие Альбом металлорежущих станков общего назначения заграничных станкостроительных фирм
Сведения, относящиеся к заглавию Токарные станки
Первые сведения об ответственности Сост. инж. С. Д. Тишин при участии сотрудников Гипромаша Г. В. Скундина, И. В. Лысенко
210 ## - ПУБЛИКАЦИЯ, РАСПРОСТРАНЕНИЕ И ДР.
Место издания, распространения и т.д. [Москва]
-- [Ленинград]
Имя издателя, распространителя и т. д. ОНТИ. Глав. ред. лит-ры по машиностроению и металлообработке
Дата издания, распространения и т.д. 1935
Место изготовления Ленинград
Имя изготовителя тип. им. Евг. Соколовой
215 ## - ФИЗИЧЕСКАЯ ХАРАКТЕРИСТИКА
Специфическое обозначение материала и объем Обл., 315 с.
Другие сведения о физической характеристике ил.
Размеры 23х30 см.
225 1# - СЕРИЯ
Основное заглавие серии Руководящие материалы для проектирования машиностроительных и металлообрабатывающих заводов. Серия 2
Сведения об ответственности НКТП СССР. Гос. ин-т по проектированию машиностроит. и металлообрабатывающих заводов (Гипромаш)
Обозначение тома Вып. 5-7
300 ## - ОБЩИЕ ПРИМЕЧАНИЯ
Текст примечания Загл. обл.: Токарные станки...
512 0# - ЗАГЛАВИЕ ОБЛОЖКИ
Заглавие обложки Токарные станки...
702 #1 - ИМЯ ЛИЦА - ВТОРИЧНАЯ ОТВЕТСТВЕННОСТЬ
Начальный элемент ввода Скудин
Часть имени, кроме начального элемента ввода Г. В.
Код отношения Составитель
702 #1 - ИМЯ ЛИЦА - ВТОРИЧНАЯ ОТВЕТСТВЕННОСТЬ
Начальный элемент ввода Тишин
Часть имени, кроме начального элемента ввода С. Д.
Расширение инициалов личного имени Сергей Дмитриевич
Код отношения Составитель
702 #1 - ИМЯ ЛИЦА - ВТОРИЧНАЯ ОТВЕТСТВЕННОСТЬ
Начальный элемент ввода Лысенко
Часть имени, кроме начального элемента ввода И. В.
Код отношения Составитель
801 #0 - ИСТОЧНИК ЗАПИСИ
Страна Российская Федерация
Организация NLR
Правила каталогизации psbo
801 #1 - ИСТОЧНИК ЗАПИСИ
Страна Российская Федерация
Организация ELAR
Источник данных rusmarc
852 ## - МЕСТОНАХОЖДЕНИЕ И ШИФР ХРАНЕНИЯ
Идентификатор организации NLR
Шифр хранения (Call Number) 35-19/52(5)
942 ## - ДОПОЛНИТЕЛЬНЫЕ ЭЛЕМЕНТЫ ЗАПИСИ (АБИС)
Тип экземпляра АБИС Книга
980 ## - КОЛЛЕКЦИЯ
Название коллекции Национальная библиография
Экземпляры
Тип экземпляра Дата поступления Библиотека постоянного хранения Библиотека текущего хранения Место хранения Шифр хранения Штрих-код Статус экземпляра
Книга 26.10.2013 РНБ (Садовая) РНБ (Садовая) Русский книжный фонд -Главное здание, Ленинский читальный зал 35-19/52(5) 1-4665710